100 things to know about numbers, computers & coding (Record no. 504)

MARC details
000 -LEADER
fixed length control field 01021nam a22002657a 4500
005 - DATE AND TIME OF LATEST TRANSACTION
control field 20230510150302.0
020 ## - INTERNATIONAL STANDARD BOOK NUMBER
International Standard Book Number 9781474942997
040 ## - CATALOGING SOURCE
Original cataloging agency FISKH
Language of cataloging eng
Transcribing agency FISKH
Modifying agency FISKH
082 ## - DEWEY DECIMAL CLASSIFICATION NUMBER
Classification number 004
100 ## - MAIN ENTRY--PERSONAL NAME
Personal name James, Alice
245 ## - TITLE STATEMENT
Title 100 things to know about numbers, computers & coding
260 ## - PUBLICATION, DISTRIBUTION, ETC.
Place of publication, distribution, etc. London.
Name of publisher, distributor, etc. Usborne Publishing Ltd.
Date of publication, distribution, etc. 2018.
300 ## - PHYSICAL DESCRIPTION
Extent 127 pages.
Dimensions 25 cm.
505 ## - FORMATTED CONTENTS NOTE
Formatted contents note U
520 ## - SUMMARY, ETC.
Summary, etc. When was the webcam invented and why? Do imaginary numbers exist? What is fuzzy logic? Find the answers these questions about the amazing world of numbers, computers and coding, along with loads of other curious, amazing and mind-boggling facts, in this eye-catching book that is absolutely bursting with information.
521 ## - TARGET AUDIENCE NOTE
Target audience note 970 <br/>
Source Lexile IG
521 ## - TARGET AUDIENCE NOTE
Target audience note U <br/>
Source Raz-Plus
700 ## - ADDED ENTRY--PERSONAL NAME
Personal name Reynolds, Eddie
Titles and other words associated with a name author
700 ## - ADDED ENTRY--PERSONAL NAME
Personal name Lacey, Minna
Titles and other words associated with a name author
700 ## - ADDED ENTRY--PERSONAL NAME
Personal name Hall, Rose
Titles and other words associated with a name author
700 ## - ADDED ENTRY--PERSONAL NAME
Personal name Frith, Alex
Titles and other words associated with a name author
942 ## - ADDED ENTRY ELEMENTS (KOHA)
Source of classification or shelving scheme Dewey Decimal Classification
Koha item type Books
Suppress in OPAC No
999 ## -
-- 504
-- 504
Holdings
Withdrawn status Lost status Source of classification or shelving scheme Damaged status Not for loan Collection Home library Current library Shelving location Date acquired Total Checkouts Full call number Barcode Date last seen Date last checked out Price effective from Koha item type
    Dewey Decimal Classification     Non-Fiction Footprints International School Library Network Toul Kork Campus Footprints International School Library Network Toul Kork Campus   05/10/2023 2 JAM 004 2023-0091 01/30/2026 10/24/2023 05/10/2023 Books